Normal view MARC view
  • Ernest o.Doebelin

Entry Personal Name

Number of records used in: 1

001 - CONTROL NUMBER

  • control field: 52821

003 - CONTROL NUMBER IDENTIFIER

  • control field: NUST

005 - DATE AND TIME OF LATEST TRANSACTION

  • control field: 20210421115513.0

008 - FIXED-LENGTH DATA ELEMENTS

  • fixed length control field: 210421|| aca||aabn | a|a d

040 ## - CATALOGING SOURCE

  • Original cataloging agency: NUST
  • Transcribing agency: NUST

100 ## - HEADING--PERSONAL NAME

  • Personal name: Ernest o.Doebelin

670 ## - SOURCE DATA FOUND

  • Source citation: Work cat.: (NUST): Ernest o.Doebelin, Measurement systems Application and Design, 1966
© 2023 Central Library, National University of Sciences and Technology. All Rights Reserved.